|
|
|
|
| LEADER |
00000nam a2200000 a 4500 |
| 001 |
UCR1270 |
| 003 |
CL-VaPUC |
| 008 |
971212e19960000SP |||||||||||||||||ita|d |
| 082 |
0 |
4 |
|a 340.54
|b LOP
|2 21
|
| 100 |
|
|
|a López Pedreira, Adela
|e autora
|9 398332
|
| 245 |
1 |
0 |
|a Emptio tollit locatum. La venta de las cosa arrendada en derecho romano
|
| 300 |
|
|
|a 178 p
|
| 942 |
|
|
|c BK
|
| 945 |
|
|
|d 19971212 00:00:00
|a aolguin
|
| 260 |
|
|
|a Madrid
|b EDISOFER
|c 1996
|
| 650 |
|
0 |
|a Derecho romano
|9 255930
|
| 650 |
|
0 |
|a Arrendamiento
|9 257654
|
| 650 |
|
0 |
|a Venta
|9 385868
|
| 650 |
|
7 |
|a ESTIPULACION A FAVOR DE TERCEROS
|2 CL-VaPUC
|9 385301
|
| 650 |
|
0 |
|a Contratos
|9 255153
|
| 650 |
|
0 |
|a Bienes
|9 255749
|
| 650 |
|
0 |
|a Contratos consensuales
|9 398333
|
| 650 |
|
0 |
|a Derechos reales
|9 257708
|
| 650 |
|
0 |
|a Obligaciones
|9 255578
|
| 583 |
|
|
|a last modification
|c 19971212 00:00:00
|k Rodrigo Vera
|
| 999 |
|
|
|c 264745
|d 264743
|
| 952 |
|
|
|0 0
|1 0
|4 0
|6 340_540000000000000_LOP_1996
|7 0
|8 DER_ROM
|9 295152
|a BIBDER
|b BIBDER
|d 2019-11-19
|i 1918397
|o 340.54 LOP 1996
|p 1918397
|r 2023-01-25
|w 2019-11-19
|x Ubicación 4to piso
|y BK
|z Este recurso debe solicitarse con anticipación
|k DER
|